Marx, Lenin, and the Revolutionary Experience/ (Record no. 212001)

MARC details
000 -LEADER
fixed length control field 00616nam a22002057a 4500
005 - DATE AND TIME OF LATEST TRANSACTION
control field 20250627161111.0
010 ## - LCCN (DPL NO)
LC control number EN-145622
020 ## - INTERNATIONAL STANDARD BOOK NUMBER
International Standard Book Number 0415979730
Terms of availability 395.00
020 ## - INTERNATIONAL STANDARD BOOK NUMBER
International Standard Book Number 9780415979733
035 ## - SYSTEM CONTROL NUMBER
System control number EN-129154
037 ## - SOURCE OF ACQUISITION
Stock number dpl
Source of stock number/acquisition DBAD
082 ## - DEWEY DECIMAL CLASSIFICATION NUMBER
Classification number 320.5315
100 ## - MAIN ENTRY--PERSONAL NAME
Personal name LeBlanc, Paul
245 ## - TITLE STATEMENT
Title Marx, Lenin, and the Revolutionary Experience/
Statement of responsibility, etc by Paul LeBlanc
260 ## - PUBLICATION, DISTRIBUTION, ETC. (IMPRINT)
Place of publication, distribution, etc New York
Name of publisher, distributor, etc Routledge
Date of publication, distribution, etc 2007
270 ## - ADDRESS
Address 270 Madison Ave,
City New York
Postal code 10016
300 ## - PHYSICAL DESCRIPTION
Extent xiii, 337p.
Dimensions 23 cm (pb)
500 ## - GENERAL NOTE
General note it includes bibliography and index
942 ## - ADDED ENTRY ELEMENTS (KOHA)
Source of classification or shelving scheme Dewey Decimal Classification
Item type English Books
Classification part 320.5315
Call number suffix BLA
Holdings
Withdrawn status Lost status Not for loan Collection code Home library Current library Date acquired Source of acquisition Cost, normal purchase price Full call number Barcode Copy number Cost, replacement price Koha item type
      Non-fiction RC4 Seelam Pur RC4 Seelam Pur 27/06/2025 Delivery of Books Act Division 395.00 320.5315 BLA EN-129154 1 395.00 English Books

© Delhi Public Library
Hit Counter
free hit counter